| 000 | 00478nam a2200169 4500 | ||
|---|---|---|---|
| 999 |
_c510572 _d510572 |
||
| 008 | 190823b ||||| |||| 00| 0 eng d | ||
| 100 |
_aKetaki, Kalinga _98785 |
||
| 245 | _aPolitical participation of tribal women in Odisha | ||
| 260 | _c2019 | ||
| 300 | _ap.38-42. | ||
| 650 |
_aTribes and tribal system - Odisha _98786 |
||
| 650 |
_aWomen _98787 |
||
| 650 |
_aWomen in politics _98788 |
||
| 773 | _aThird Concept | ||
| 906 | _aPolitical participation | ||
| 942 |
_2ddc _cAR |
||